Manuale Di Storia Della Folosofia Antico medio evo quinta edizione riveduta

Guardat en:
Dades bibliogràfiques
Autor principal: Michele Federico Sciacca
Format: Llibre
Idioma:idioma desconegut
Publicat: Perrella
Etiquetes: Afegir etiqueta
Sense etiquetes, Sigues el primer a etiquetar aquest registre!

MARC

LEADER 00000nam a2200000Ia 4500
001 R-1417
003 CODICE-MESSINA
005 20260212102507.0
008 260211s9999 xx 000 0 und d
040 |c importazione_messina 
100 |a Michele Federico Sciacca 
245 0 |a Manuale Di Storia Della Folosofia 
245 0 |b Antico medio evo quinta edizione riveduta 
260 |b Perrella 
942 |2 ddc  |c BK 
952 |0 0  |1 0  |2 ddc  |4 0  |6 SCAFFALE_13_000000000000000__LETTERATURA  |7 0  |9 32253  |a ME  |b ME  |d 2026-02-11  |l 0  |o SCAFFALE 13 - LETTERATURA  |p R-1417  |r 2026-02-11 23:53:04  |w 2026-02-11  |x [REVISIONARE]  |y BK 
999 |c 27920  |d 27920